Week in english - Statistiques

Statistiques générales
  • Ce quiz a été pris 64 fois
  • Le résultat moyen est 6 sur 20
Statistiques - réponses
Français Anglais % Correct
Mariage Wedding
82%
Moitié Half
78%
Hibou / Chouette Owl
78%
Marteau Hammer
75%
Lien Link
71%
Rang Rank
67%
Talon Heel
63%
Coupable Guilty
60%
Barbe Beard
57%
Gazon / Pelouse Grass
44%
Paille Straw
44%
Baguette magique Wand
29%
Boussole Compass
17%
Serpillière Mop
14%
Adhérer To adhere
13%
Oser To dare
13%
Couture Sewing
11%
Agrafes Staples
10%
Griffes Claw
0%
Cafard Cockroach
0%
Ruisseau Creek
0%
Couche (géologique) Layer
0%
Nid Nest
0%
Rive Shore
0%
Trottoir Sidewalk
0%
Rouleau compresseur Steamroller
0%
Brancard / Civière Stretcher
0%
Epines / Ronces Thorns
0%
Eclater To burst
0%
Râtisser To rake
0%
Aucun quiz correspondant
Distribution des résultats
% des personnes avec chaque résultat
Percentile par nombre de réponses
Votre historique - résultats
Vous n’avez pas pris ce quiz